000 00727nam a22002417a 4500
003 UA-OsUOA
001 56463
007 ta
008 20081029b un ||||| |||| 00| 0 ukr d
100 _aДяченко Я.Я.
700 _aКолесник Л.М.
700 _aЦугуняк Ю.В.
090 _a330
_bД99
942 _cSA
040 _aUA-OsUOA
_bukr
_cUA-OsUOA
_dUA-OsUOA
245 _aПріоритетні напрями державного впливву на формування доходів бюджету
300 _aС.34-53
955 _a0
041 _aukr
080 _a330
773 0 _w56459
_tФінанси України
_dК.
_d2008
_g7
650 7 _a330 Економіка взагалі
_2UDC
999 _c342552
_d342552